LEADER 01940nam a2200385 i 4500 001 000000003449 003 CaOOAMICUS 005 20260522170826.0 008 180830s1977 it u000 u ita u 040 $aSeMil$bita 245 10$aStoria d'Italia :$ble regioni dall'Unità ad oggi. 264 1$aTorino :$bEinaudi,$c1977-2002. 300 $av. ;$c22 cm. 500 $aIl titolo del dorso del 1° vol. è: Storia delle regioni 650 4$aItalia - Regioni - Storia.$0(OLS)http://semarc/subject/734 774 0 $tPiemonte.$dTorino : Einaudi, 1977.$w()57374 774 0 $tVeneto.$dTorino : Einaudi, 1984.$z88-06-57208-3$w()57375 774 0 $tCalabria.$dTorino : Einaudi, 1985.$z88-06-58040-X$w()57376 774 0 $tToscana.$dTorino : Einaudi, 1986.$z88-06-59725-6$w()104649 774 0 $tSicilia.$dTorino : Einaudi, 1987.$z88-06-59349-8$w()57377 774 0 $tMarche.$dTorino : Einaudi, 1987.$z88-06-59917-8$w()57378 774 0 $tPuglia.$dTorino : Einaudi, 1989.$z88-06-11415-8$w()57379 774 0 $tUmbria.$dTorino : Einaudi, 1989.$z88-06-11645-2$w()57380 774 0 $tCampania.$dTorino : Einaudi, 1990.$z88-06-11876-5$w()57381 774 0 $tLiguria.$dTorino : Einaudi, 1994.$z88-06-12678-4$w()57383 774 0 $tValle d'Aosta.$dTorino : Einaudi, 1995.$z88-06-13140-0$w()57385 774 0 $tEmilia-Romagna.$dTorino : Einaudi, 1997.$z88-06-14390-5$w()57386 774 0 $tFriuli Venezia Giulia.$dTorino : Einaudi, 2002.$z88-06-14977-6$w()9578 774 0 $tLazio.$dTorino : Einaudi, 1991.$z88-06-12637-7$w()57382 774 0 $tAbruzzo.$dTorino : Einaudi, 2000.$z88-06-15123-1$w()72188 774 0 $tLombardia.$z88-06-15124-X$w()76796 774 0 $tSardegna.$dTorino : Einaudi, 1998.$z88-06-14334-4$w()64961 996 $6245$aStoria d'Italia :$ble regioni dall'Unità ad oggi$9(OLS)http://semarc/title/5901 996 $6264$aTorino :$bEinaudi$9(OLS)http://semarc/publisher/29884